Positioning Research : Shiffing Paradigms , Interdisciplinarity and Indigeneity (Record no. 96111)
[ view plain ]
| 000 -LEADER | |
|---|---|
| fixed length control field | 00637nam a2200229Ia 4500 |
| 005 - DATE AND TIME OF LATEST TRANSACTION | |
| control field | 20230414124106.0 |
| 008 - FIXED-LENGTH DATA ELEMENTS--GENERAL INFORMATION | |
| fixed length control field | 230125s9999 xx 000 0 und d |
| 020 ## - INTERNATIONAL STANDARD BOOK NUMBER | |
| International Standard Book Number | 9789352806171 |
| 041 ## - LANGUAGE CODE | |
| Language code of text/sound track or separate title | eng |
| 082 ## - DEWEY DECIMAL CLASSIFICATION NUMBER | |
| Classification number | 658.018 |
| Item number | KUM |
| 100 ## - MAIN ENTRY--PERSONAL NAME | |
| Author | Kumar M |
| 245 ## - TITLE STATEMENT | |
| Title | Positioning Research : Shiffing Paradigms , Interdisciplinarity and Indigeneity |
| 250 ## - EDITION STATEMENT | |
| Edition statement | 1st Ed. |
| 260 ## - PUBLICATION, DISTRIBUTION, ETC. | |
| Date of publication, distribution, etc. | 2018 |
| Name of publisher, distributor, etc. | Sage publication |
| Place of publication, distribution, etc. | New Delhi |
| 300 ## - PHYSICAL DESCRIPTION | |
| Extent | 296p |
| 500 ## - GENERAL NOTE | |
| Keywords | Research methodology<br/> |
| 650 ## - SUBJECT ADDED ENTRY--TOPICAL TERM | |
| Topical term or geographic name entry element | Research methodology |
| 700 ## - ADDED ENTRY--PERSONAL NAME | |
| Personal name | Kumar M & Pattanayak S |
| 942 ## - ADDED ENTRY ELEMENTS (KOHA) | |
| Koha item type | Books |
| 906 ## - LOCAL DATA ELEMENT F, LDF (RLIN) | |
| b | 166.6 |
| Withdrawn status | Lost status | Damaged status | Not for loan | Home library | Current library | Date acquired | Vendor | Net Price | Bill number | Total Checkouts | Full call number | Barcode | Date last seen | Actual Price | Bill Date | Koha item type | Original Barcode |
|---|---|---|---|---|---|---|---|---|---|---|---|---|---|---|---|---|---|
| Smt. Hiraben Nanavati Institute of Management & Research for Women | Smt. Hiraben Nanavati Institute of Management & Research for Women | 17/12/2019 | Forward Books | 595.00 | 11147 | 658.018 KUM B19078 | HIMR-BK-19078 | 25/01/2023 | 428.40 | 10/12/2019 | Books | B19078 | |||||
| Smt. Hiraben Nanavati Institute of Management & Research for Women | Smt. Hiraben Nanavati Institute of Management & Research for Women | 17/12/2019 | Forward Books | 595.00 | 11147 | 658.018 KUM B19079 | HIMR-BK-19079 | 25/01/2023 | 428.40 | 10/12/2019 | Books | B19079 |